Quiz o państwach z największą liczbą trzęsień ziemi - Statystyki

Ogólne statystyki
  • Ten quiz został rozwiązany 12 razy
  • Średni wynik to 7 z 10
Statystyki odpowiedzi
# kraj % Poprawnych
16 Japonia
100%
9 Chiny
91%
28 Indonezja
82%
12 Meksyk
73%
21 Stany zjednoczone
73%
21 Chile
64%
8 Filipiny
64%
14 Rosja
64%
11 Papua Nowa Gwinea
55%
16 Peru
27%
Nie znaleziono quizów pasujących do podanych kryteriów
Rozkład punktacji
Procent ludzi z każdym wynikiem
Percentyl według liczby udzielonych odpowiedzi
Twoja historia wyników
Nie rozwiązałeś tego quizu